Financial institutions, markets and money / (Record no. 346563)
[ view plain ]
| 000 -LEADER | |
|---|---|
| fixed length control field | 01098 a2200205 4500 |
| 020 ## - INTERNATIONAL STANDARD BOOK NUMBER | |
| International Standard Book Number | 0030257417 (hardcover) |
| 020 ## - INTERNATIONAL STANDARD BOOK NUMBER | |
| International Standard Book Number | 9780030257414 (hardcover) |
| 082 04 - DEWEY DECIMAL CLASSIFICATION NUMBER | |
| Classification number | 332.10973 |
| 090 ## - LOCALLY ASSIGNED LC-TYPE CALL NUMBER (OCLC); LOCAL CALL NUMBER (RLIN) | |
| -- | 4108 |
| -- | 4108 |
| 100 1# - MAIN ENTRY--PERSONAL NAME | |
| Personal name | Kidwell, David S. |
| 245 10 - TITLE STATEMENT | |
| Title | Financial institutions, markets and money / |
| Statement of responsibility, etc. | David S. Kidwell, Richard Lewis Peterson, David W. Blackwell. |
| 250 ## - EDITION STATEMENT | |
| Edition statement | 7th ed. |
| 260 ## - PUBLICATION, DISTRIBUTION, ETC. | |
| Place of publication, distribution, etc. | [S.l.] : |
| Name of publisher, distributor, etc. | Houghton Mifflin Harcourt (HMH), |
| Date of publication, distribution, etc. | 1999. |
| 300 ## - PHYSICAL DESCRIPTION | |
| Extent | 912 p. ; |
| Dimensions | 26 cm. |
| 520 ## - SUMMARY, ETC. | |
| Summary, etc. | OVERVIEW Now in it's seventh edition, Financial Institutions, Markets, and Money continues to lead the market in the introductory course for financial institutions. The text's descriptive, balanced overview of the U.S. financial system, its primary institutions and markets, coupled with an introduction to international markets, creates a presentation truly reflective of today's global marketplace. |
| 700 1# - ADDED ENTRY--PERSONAL NAME | |
| Personal name | Peterson, Richard Lewis. |
| 700 1# - ADDED ENTRY--PERSONAL NAME | |
| Personal name | Blackwell, David W. |
| 856 40 - ELECTRONIC LOCATION AND ACCESS | |
| Materials specified | Amazon.com |
| Uniform Resource Identifier | <a href="http://www.amazon.com/exec/obidos/ASIN/0030257417/chopaconline-20">http://www.amazon.com/exec/obidos/ASIN/0030257417/chopaconline-20</a> |
| 942 ## - ADDED ENTRY ELEMENTS (KOHA) | |
| Institution code [OBSOLETE] | NBS |
| Koha item type | Book |
| Call number prefix | 332.10973 KID |
| Withdrawn status | Lost status | Damaged status | Not for loan | Permanent Location | Current Location | Date acquired | Total Checkouts | Full call number | Barcode | Date last seen | Date last checked out | Price effective from | Koha item type |
|---|---|---|---|---|---|---|---|---|---|---|---|---|---|
| Central Library (CL) | Central Library (CL) | 08/28/2013 | 1 | 332.10973 KID | NBS6299 | 11/22/2017 | 07/31/2017 | 08/28/2013 | Book |
